000 00741nam a2200289Ia 4500
005 20260324143744.0
008 008 260324s9999 xx 000 0 eng d
020 _a9780429310799
037 _aEBOOK
040 _aCRL
040 _beng
040 _cCRL
041 _2eng
041 _aeng
084 _qCRL
100 _aDele Olowu; James Wunsch; Vincent Ostrom; John W Harbeson
_91216799
245 4 _aThe Failure Of The Centralized State
245 0 _bInstitutions And Self-governance In Africa
260 _bTaylor and Francis
260 _c1990
365 _a
365 _b230
856 _uhttp://www.taylorfrancis.com/books/9780429310799
942 _cEBOOK
999 _c1822586
_d1822586